000 00976pam a2200229 a 4500
020 _a0860958779 :
082 0 0 _a693.834
_bNOI
_cD
100 _aCroome, Derek J.
_945427
245 0 0 _aNoise and the design of buildings and services /
_cedited by Derek J. Croome.
260 _aLondon ;
_aNew York :
_bConstruction Press,
_c1982.
300 _a165 p. :
_bill. ;
_c31 cm.
500 _a"Based on the conference of the same title, organized in July 1980 by the Construction Industry Conference Centre Limited in conjunction with the Royal Institute of British Architects ... [et al.]"--Prelim. p.
526 _a0
_b0
_c0
_d693_834000000000000_NOI
526 _a0
_b0
_c0
_d693_834000000000000_NOI
650 0 _aD
_96527
650 0 _aNoise control.
_93293
650 0 _aSoundproofing.
_93294
700 1 _aClements-Croome, Derek.
_945428
710 2 _aConstruction Industry Conference Centre.
_945429
710 2 _aRoyal Institute of British Architects.
_931764
942 _2ddc
_cBK
999 _c548953
_d548953